Water quality criteria for European freshwater fish report on combined effects on freshwater fish and other aquatic life of mixtures of toxicants in water (Record no. 28581)

MARC details
000 -LEADER
fixed length control field 00483nam a2200121 4500
082 ## - DEWEY DECIMAL CLASSIFICATION NUMBER
Classification number 639.97709294
Item number FOO
100 ## - MAIN ENTRY--PERSONAL NAME
Personal name Food and Agriculture Organization of the United Nations
245 ## - TITLE STATEMENT
Title Water quality criteria for European freshwater fish report on combined effects on freshwater fish and other aquatic life of mixtures of toxicants in water
260 ## - PUBLICATION, DISTRIBUTION, ETC.
Place of publication, distribution, etc. Rome
Name of publisher, distributor, etc. The Author
Date of publication, distribution, etc. 1980
300 ## - PHYSICAL DESCRIPTION
Extent 49p.; 28cm.
650 ## - SUBJECT ADDED ENTRY--TOPICAL TERM
Topical term or geographic name entry element Fishes,Freshwater-Europe
650 ## - SUBJECT ADDED ENTRY--TOPICAL TERM
Topical term or geographic name entry element Freshwater Fishes Europe
Holdings
Withdrawn status Lost status Damaged status Not for loan Collection code Home library Current library Date acquired Total Checkouts Full call number Barcode Date last seen Price effective from Koha item type
        Gifts North Eastern Hill University North Eastern Hill University 24/11/2011   639.97709294 FOO 58783 24/11/2011 24/11/2011 Books